| 000 | 00734nam a2200241 i 4500 | ||
|---|---|---|---|
| 001 | 000037711 | ||
| 003 | DO-SdBNP | ||
| 005 | 20240613115328.0 | ||
| 007 | ta | ||
| 008 | 121115s2012 dr 000 0 spa d | ||
| 020 | _a9789945868883 | ||
| 040 |
_aDO-SdBNP _bspa _cBNPHU _erda |
||
| 082 | 4 | _222 | |
| 100 | 1 |
_aMessón, Omar, _964170 _eautor |
|
| 245 | 1 | 0 |
_aAlbedrío / _cOmar Messón. |
| 264 |
_aSanto Domingo : _bSociedad Cultural Renovación, _c2012. |
||
| 300 |
_a72 páginas ; _c23 cm. |
||
| 336 |
_2rdacontent _atexto _btxt |
||
| 337 |
_2rdamedia _asin mediación _bn |
||
| 338 |
_2rdacarrier _avolumen _bnc |
||
| 586 | _aEmilio Prud´Homme 2011 género poesía, concurso Literario por Nuestro país primero | ||
| 942 |
_2ddc _cLBS1 |
||
| 999 |
_c37201 _d37201 |
||